Mecánica de fluidos
সংরক্ষণ করুন:
| প্রধান লেখক: | , |
|---|---|
| বিন্যাস: | গ্রন্থ |
| ভাষা: | স্প্যানিশ |
| প্রকাশিত: |
Cuernavaca
Pearson Educación
2015
|
| সংস্করন: | 7a. ed |
| মালা: | Always Learning
|
| বিষয়গুলি: | |
| ট্যাগগুলো: |
ট্যাগ যুক্ত করুন
কোনো ট্যাগ নেই, প্রথমজন হিসাবে ট্যাগ করুন!
|
MARC
| LEADER | 00000cam a2200000 a 4500 | ||
|---|---|---|---|
| 001 | UCC0261 | ||
| 003 | CL-VaPUC | ||
| 005 | 20240829145347.0 | ||
| 008 | 170728e20150000mx |||||||||||||||||spa|d | ||
| 999 | |c 369139 |d 369137 | ||
| 020 | |a 9786073232883 | ||
| 040 | |c Pontificia Universidad Católica de Valparaíso | ||
| 082 | 0 | 4 | |a 532 |b MOT |2 21 |
| 100 | |a Mott, Robert L. |e autor |9 359464 | ||
| 245 | 1 | 0 | |a Mecánica de fluidos |
| 250 | |a 7a. ed | ||
| 260 | |a Cuernavaca |b Pearson Educación |c 2015 | ||
| 300 | |a 531 p | ||
| 490 | 0 | |a Always Learning | |
| 583 | |a last modification |c 20170728 13:21:00 |k Rodrigo Vera | ||
| 650 | 0 | |a Mecánica de fluidos |v Problemas y ejercicios |x Principios |9 259464 | |
| 650 | 0 | |a Fluidos |9 259333 |x Propiedades, estática, flujo, etc. | |
| 700 | 0 | |a Untener, Joseph A |e author |9 594169 | |
| 942 | |c BK |2 ddc | ||
| 945 | |d 20170728 13:21:00 |a dcastane | ||
| 952 | |0 0 |1 0 |2 ddc |3 erb |4 0 |6 532_000000000000000_MOT_2015 |7 0 |8 A |9 484699 |a BIBING |b BIBING |c RES |i 5438837 |l 9 |o 532 MOT 2015 |p 5438837 |r 2025-03-19 |s 2025-03-12 |w 2019-11-24 |y BK |z Catalogado en:20171124 |k EIB | ||
| 952 | |0 0 |1 0 |2 ddc |3 erb |4 0 |6 532_000000000000000_MOT_2015 |7 0 |8 A |9 484700 |a BIBING |b BIBING |c RES |i 5438829 |l 10 |m 4 |o 532 MOT 2015 |p 5438829 |r 2025-01-20 |s 2024-06-26 |w 2019-11-24 |y BK |z Catalogado en:20171124 |k EIB | ||
| 952 | |0 0 |1 0 |2 ddc |3 erb |4 0 |6 532_000000000000000_MOT_2015 |7 0 |8 A |9 484701 |a BIBING |b BIBING |c RES |i 5438810 |l 14 |o 532 MOT 2015 |p 5438810 |r 2025-05-05 |s 2025-05-02 |w 2019-11-24 |y BK |z Catalogado en:20171124 |k EIB | ||
| 952 | |0 0 |1 0 |2 ddc |3 erb |4 0 |6 532_000000000000000_MOT_2015 |7 0 |8 A |9 484702 |a BIBING |b BIBING |c RES |i 5438802 |l 15 |m 1 |o 532 MOT 2015 |p 5438802 |r 2025-01-20 |s 2024-11-22 |w 2019-11-24 |y BK |z Catalogado en:20171124 |k EIB | ||
| 952 | |0 0 |1 0 |2 ddc |3 erb |4 0 |6 532_000000000000000_MOT_2015 |7 0 |8 A |9 484703 |a BIBING |b BIBING |c RES |i 5438799 |l 11 |m 1 |o 532 MOT 2015 |p 5438799 |r 2025-05-08 |s 2025-05-02 |w 2019-11-24 |y BK |z Catalogado en:20171124 |k EIB | ||
| 952 | |0 0 |1 0 |2 ddc |3 erb |4 0 |6 532_000000000000000_MOT_2015 |7 0 |8 A |9 484704 |a BIBING |b BIBING |c RES |i 5438780 |l 9 |o 532 MOT 2015 |p 5438780 |r 2025-03-17 |s 2025-03-12 |w 2019-11-24 |y BK |z Catalogado en:20171124 |k EIB | ||
| 952 | |0 0 |1 0 |2 ddc |3 erb |4 0 |6 532_000000000000000_MOT_2015 |7 0 |8 A |9 484705 |a BIBING |b BIBING |c RES |i 5438772 |l 6 |o 532 MOT 2015 |p 5438772 |r 2025-01-20 |s 2024-12-06 |w 2019-11-24 |y BK |z Catalogado en:20171124 |k EIB | ||
| 952 | |0 0 |1 0 |2 ddc |3 erb |4 0 |6 532_000000000000000_MOT_2015 |7 0 |8 A |9 484706 |a BIBING |b BIBING |c RES |i 5438764 |l 8 |m 2 |o 532 MOT 2015 |p 5438764 |r 2025-01-20 |s 2024-11-04 |w 2019-11-24 |y BK |z Catalogado en:20171124 |k EIB | ||
| 952 | |0 0 |1 0 |2 ddc |3 erb |4 0 |6 532_000000000000000_MOT_2015 |7 0 |8 A |9 484707 |a BIBING |b BIBING |c RES |i 5438756 |l 10 |m 1 |o 532 MOT 2015 |p 5438756 |r 2025-01-20 |s 2024-06-11 |w 2019-11-24 |y BK |z Catalogado en:20171124 |k EIB | ||
| 952 | |0 0 |1 0 |2 ddc |3 erb |4 0 |6 532_000000000000000_MOT_2015 |7 0 |8 A |9 484708 |a BIBING |b BIBING |c RES |i 5438748 |l 10 |m 4 |o 532 MOT 2015 |p 5438748 |r 2025-01-20 |s 2024-04-16 |w 2019-11-24 |y BK |z Catalogado en:20171124 |k EIB | ||